Los oligoelementos / (Record no. 74516)

MARC details
000 -LEADER
campo de control de longitud fija 00649nam a2200217 i 4500
001 - NÚMERO DE CONTROL
campo de control 74516
003 - IDENTIFICADOR DE NÚMERO DE CONTROL
campo de control ES-MaACL
005 - FECHA Y HORA DE LA ÚLTIMA TRANSACCIÓN
campo de control 20250829112155.0
007 - CAMPO FIJO DE DESCRIPCIÓN FÍSICA--INFORMACIÓN GENERAL
campo de control de longitud fija t|
008 - DATOS DE LONGITUD FIJA--INFORMACIÓN GENERAL
campo de control de longitud fija 040920s1972 sp ||||1| spa d
100 1# - ENTRADA PRINCIPAL--NOMBRE DE PERSONA
Nombre de persona Goudot, Andrée.
9 (RLIN) 59314
245 14 - MENCIÓN DEL TÍTULO
Título Los oligoelementos /
Mención de responsabilidad, etc. por Andrée Goudot ; [versión, María Xirau Vayreda].
250 ## - MENCION DE EDICION
Mención de edición [1ª ed.].
260 ## - PUBLICACIÓN, DISTRIBUCIÓN, ETC.
Lugar de publicación, distribución, etc. Vilassar de Mar, Barcelona :
Nombre del editor, distribuidor, etc. Oikos-Tau,
Fecha de publicación, distribución, etc. [1972]
300 ## - DESCRIPCIÓN FÍSICA
Extensión 124 p. ;
Dimensiones 18 cm.
490 1# - MENCIÓN DE SERIE
Mención de serie ¿Qué sé?
700 1# - ENTRADA AGREGADA--NOMBRE PERSONAL
Nombre de persona Xirau Vayreda, María.
9 (RLIN) 117519
830 0# - PUNTO DE ACCESO ADICIONAL DE SERIE-TÍTULO UNIFORME
Título uniforme ¿Qué sé?
9 (RLIN) 181382
852 ## - LOCALIZACIÓN
Ubicación ES-MaACL
Número de control de estantería C-52124
Sublocalización o colección R.84596
Holdings
Estatus retirado Estado de pérdida Estado de daño No para préstamo Biblioteca de origen Biblioteca actual Ubicación en estantería Fecha de adquisición Fuente de adquisición Total de préstamos Signatura topográfica completa Código de barras Visto por última vez Precio de reemplazo Tipo de ítem Koha
        Biblioteca del Ateneo de Madrid Biblioteca del Ateneo de Madrid Depósito 2 17/01/2008     C-52124 1078002 23/02/2023 23/02/2023 Libro impreso